| 000 | 00909cam a2200313 4500 | ||
|---|---|---|---|
| 008 | 090401t1995 xxu||||| |||| 00| 0 eng d | ||
| 020 | _a0117531642 | ||
| 035 | _a(Sirsi) u63121 | ||
| 041 | _aeng | ||
| 050 | _a711.554 | ||
| 100 | _aElson, Martin | ||
| 245 | _aPlanning for rural diversification: a good practice guide. | ||
| 260 |
_aLondon _bHMSO _c1995 |
||
| 300 | _aiv,88p. : ill. ; 30cm. | ||
| 350 | _a22 | ||
| 650 | _aDEVELOPMENT PLANS | ||
| 650 | _aLOCAL PLANNING AUTHORITIES | ||
| 650 | _aPLANNING POLICY GUIDANCE | ||
| 650 | _aRURAL DIVERSIFICATION | ||
| 650 | _aRURAL ECONOMY | ||
| 650 | _aSUSTAINABLE DEVELOPMENT | ||
| 690 | _aPLANNING LAW AND PRACTICE | ||
| 700 | _aSteenberg, Caroline | ||
| 700 | _aWilkinson, Jacqueline | ||
| 710 |
_aUnited Kingdom _bDepartment of the Environment _9982 |
||
| 710 |
_aOxford Brookes University _9281 |
||
| 942 | _n0 | ||
| 948 | _c04/03/1997 | ||
| 999 |
_c94511 _d94511 |
||